Music Quiz

Random Music or Artist Quiz

Beginning Song Titles II Quiz Stats

 Plays Quiz Updated Aug 5, 2012

Challenge
Share
Tweet
Embed
Score 0/80 Timer 06:00
4 Plays Today
Rest of Title [Artist] 1st Word % Correct
____ Home Alabama [Lynyrd Skynyrd]Sweet
95.9%
____ One Bites the Dust [Queen]Another
95.8%
____ to Heaven [Led Zeppelin]Stairway
93.6%
____ Gonna Give You Up [Rick Astley]Never
92.8%
____ Fu Fighting [Carl Douglas]Kung
92.3%
____ Me Up Before You Go Go [Wham!]Wake
92.1%
____ Kissed a Girl [Katy Perry]I
91.7%
____ Fly With Me [Frank Sinatra]Come
91.2%
____ California [Eagles]Hotel
90.7%
____ Or Without You [U2]With
90.3%
____ the Road Jack [Ray Charles]Hit
90.1%
____ of the Tiger [Survivor]Eye
89.7%
____ in the Mirror [Michael Jackson]Man
88.7%
____ Frutti [Little Richard]Tutti
85.7%
____ Rose Has Its Thorn [Poison]Every
85.5%
____ in Black [AC/DC]Back
85.2%
____ Like An Egyptian [Bangles]Walk
84.6%
____ Like Jagger [Maroon 5 & Christina Aguilera]Moves
83.7%
____ Got Back [Sir Mix-a-Lot]Baby
83.3%
____ on the Water [Deep Purple]Smoke
82.4%
____ Me Home, Country Roads [John Denver]Take
82.4%
____ Kind of Wonderful [Grand Funk Railroad]Some
82.2%
____ and Ivory [Paul McCartney and Stevie Wonder]Ebony
81.8%
____ that Funky Music [Wild Cherry]Play
81.5%
____ My Name [Destiny's Child]Say
81%
____ It Black [The Rolling Stones]Paint
80.8%
____ a Rolling Stone [Bob Dylan]Like
76.9%
____-Shaped Box [Nirvana]Heart
75.6%
____ Goodbye [The Beatles]Hello
74.8%
____ Vibrations [The Beach Boys]Good
74.5%
____ My Religion [R.E.M.]Losing
74.4%
____'s Paradise [Coolio]Gangsta
74.1%
____ Keep Fallin' On My Head [B.J. Thomas]Raindrops
74%
____ a Prayer [Madonna]Like
73.9%
____ Eastwood [Gorillaz]Clint
73.6%
____ Bottomed Girls [Queen]Fat
72.9%
____ Love of All [Whitney Houston]Greatest
72.8%
____ Digger [Kanye West]Gold
72.1%
____ Is a Highway [Tom Cochrane]Life
71.8%
____ Boom Pow [Black-Eyed Peas]Boom
71.8%
Rest of Title [Artist] 1st Word % Correct
____ Joey Run [David Geddes]Run
71.6%
____ Haze [Jimi Hendrix]Purple
71.5%
____ Delight [Starland Vocal Band]Afternoon
71.5%
____ It on Home to Me [Sam Cooke]Bring
70.8%
____ is a Many Splendored Thing [Four Aces]Love
69.9%
____ Luftballoons [Nena]99
68.1%
____ Don't Lie [Shakira & Wyclef Jean]Hips
67.4%
____ It On the Rain [Milli Vanilli]Blame
66.4%
____ Devoted to You [Olivia Newton-John]Hopelessly
63.1%
____ It Like It's Hot [Snoop Dogg]Drop
63%
____ Train to Georgia [Gladys Knight & the Pips]Midnight
60.6%
____ the Beat Around [Gloria Estefan]Turn
59%
____ Make You Sweat [C & C Music Factory]Gonna
58.7%
____ of Earl [Gene Chandler]Duke
57.9%
____ the Knife [Bobby Darin]Mack
56.4%
____ Sandman [Chordettes]Mr.
55.9%
____ Prison Blues [Johnny Cash]Folsom
55.7%
____ O'Riley [The Who]Baba
55.6%
____ Bound [Simon & Garfunkel]Homeward
54%
____ on the Storm [The Doors]Riders
53.2%
____ Days are Over [Florence and the Machine]Dog
52.6%
____-Charmed Life [Third Eye Blind]Semi
51.7%
____ in the U.K. [Sex Pistols]Anarchy
51.1%
____ Three Times [Dawn]Knock
50.9%
____ He Cheats [Carrie Underwood]Before
50.2%
____, Tramps & Thieves [Cher]Gypsys
43.6%
____ My Kiss [The Red Hot Chili Peppers]Suck
41%
____ & Clover [Tommy James & the Shondells]Crimson
40.9%
____ Into Me [Dave Matthews Band]Crash
39.4%
____ On You Crazy Diamond [Pink Floyd]Shine
38.6%
____ Cool Woman (in a Black Dress) [The Hollies]Long
36.1%
____ the Messenger [Jack's Mannequin]Kill
35.3%
____ of Cydonia [Muse]Knights
30.5%
____ in the Sky [Norman Greenbaum]Spirit
30.1%
____ in a Bottle [Jim Croce]Time
30.1%
____ Business [Paramore]Misery
27.5%
____ Avenue [Yellowcard]Ocean
25.8%
____ (The PiƱa Colada Song) [Rupert Holmes]Escape
24.8%
____ Earl [Dixie Chicks]Goodbye
23.2%
____ Was a Friend of Mine [The Killers]Jenny
21.2%

You're not logged in!

Compare scores with friends on all Sporcle quizzes.
OR
Log In

You Might Also Like...

Show Comments

Extras

Top Quizzes Today


Score Distribution

Your Account Isn't Verified!

In order to create a playlist on Sporcle, you need to verify the email address you used during registration. Go to your Sporcle Settings to finish the process.

Report this User

Report this user for behavior that violates our Community Guidelines.

Details: